000 01287nam0a2200325 4500
001 RU\NLR\BIBL_A\012739275
005 20220524150902.0
010 _a978-5-907379-74-9
_92000
021 _aRU
_bКН-П-21-048008
_9КН-П-21-6671
035 _a(NLR Aleph) 012739275
035 _a(RuMoRGB)010742331
090 _a12997122
_c12997122
100 _a20220324d2021 u y0rusy50 ca
101 0 _arus
102 _aRU
105 _a ch|z|||000 y
181 0 _ai3
_baxxe
182 0 _an
200 1 _aЯ - Дезинфектор
_fАлександр Возжаев
203 _aТекст
_bвизуальный
_cнепосредственный
210 _aАстрахань
_cОбщенациональная ассоциация молодых музыкантов, поэтов и прозаиков
_d2021
215 _a189 с.
_cил., табл., цв. ил., портр., факс.
_d21
333 _a16+
606 1 _aДезинфекция
_jПопулярные издания
_2nlr_sh1
_2nlr_sh2
_3RU\NLR\AUTH\66123113
686 1 _aР193.94я9
700 1 _aВозжаев
_bА. С.
_f1974-
_gАлександр Степанович
942 _cBOOK
980 _aNB